Statistics for Pokémon with 4x weakness to Steel

Click here to take the quiz!

General Stats

  • This quiz has been taken 35 times
  • The average score is 5 of 6

Answer Stats

GenAnswer% Correct
VICarbink
100%
VIDiancie
92%
VIDiancie (Mega)
92%
VIAurorus
83%
VIAmaura
79%
VIINinetales (Alolan)
71%

Score Distribution

Percentile by Number Answered

Percent of People with Each Score

Your Score History

You have not taken this quiz